Geografia europea con la lettera B - Statistics

Statistiche generali
  • Questo quiz è stato fatto 241 volte
  • Il punteggio medio è 14 su 21
Statistiche sulle risposte
DOMANDA RISPOSTA % Corretto
Capitale della Svizzera Berna
95%
La "capitale" dell'UE Bruxelles
93%
Il suo capoluogo è Monaco Baviera
90%
Capoluogo della Catalogna Barcellona
89%
Mare che si estende dalla Danimarca alla Finlandia Baltico
82%
Le isole come Maiorca, Minorca e Ibiza... Baleari
80%
Come sopra Budapest
79%
Il palazzo reale a Londra Buckingham
77%
In questa città è stata fondata la prima università Bologna
76%
Famosa città vinicola francese Bordeaux
76%
Come sopra Bratislava
73%
Nazione che ospita l'ultima dittatura europea Bielorussia
71%
Le tre capitali sul Danubio Belgrado
64%
Lo stretto di Istanbul Bosforo
63%
Capitale della Germania Ovest Bonn
60%
Città spagnola sede del Guggenheim Museum Bilbao
59%
Regione celtica della Francia Bretagna
58%
Storica regione della Repubblica Ceca Boemia
50%
La più grande città norvegese della costa occidentale Bergen
26%
Il monte più alto del Regno Unito Ben Nevis
17%
Baia a ovest della Francia e a nord della Spagna Biscaglia
17%
Nessun quiz corrispondente trovato
Distribuzione punteggi
Percentuale di utenti per punteggio
Percentile per numero di risposta
I tuoi punteggi nel tempo
Non hai fatto questo quiz